000 00841nam a22001817a 4500
003 OSt
005 20260318015716.0
008 260318b |||||||| |||| 00| 0 eng d
040 _aDWCL GS Library
_cOC
082 _aFic. T969 2008
100 _aTwain , Mark
245 _aindiana illustrated classics
_b: the adventures of huckleberry finn
300 _a238
520 _aThe Adventures of Huckleberry Finn follows Huck, a boy fleeing his abusive father, and Jim, a man escaping slavery, as they travel down the Mississippi River on a raft. They encounter various, often dangerous, adventures, highlighting themes of freedom, friendship, and moral growth, while Huck battles his society's pro-slavery views.
546 _aEnglish
700 _aMark Twain
942 _2ddc
_cFIC.
_hFic. T969 2008
_n0
999 _c9258
_d9258